000
002420000a22000970004500
100
1
_a
Arana, Pedro
245
1
0
_a
Fe cristiana y deuda externa
300
_a
Vol. 7, Núm 12 (1999), Páginas 7-17
773
0
_t
Textos para la acción
942
_c
ANA
999
_c
53163
_d
53163